Statistics for Guess the lyrics (#67)

Click here to take the quiz!

General Stats

  • This quiz has been taken 59 times
  • The average score is 67 of 132

Answer Stats

Answer% Correct
I
100%
the
94%
a
91%
you,
87%
you
87%
You
87%
in
85%
it
83%
is
81%
me?
81%
me
81%
be
80%
and
78%
on
78%
do
76%
love
76%
we
76%
why
72%
go
70%
that
70%
what
70%
to
69%
so
67%
then
67%
of
65%
for
63%
are
61%
I'm
61%
not
57%
from
54%
have
54%
were
54%
our
52%
Our
52%
I'll
50%
us
50%
got
48%
know
48%
will
48%
but
46%
I've
44%
one
44%
you've
44%
been
41%
mine
41%
never
41%
Now
41%
need
39%
was
39%
these
35%
that's
33%
wanted
33%
Well
33%
Oh
31%
oh,
31%
knew
30%
seen
30%
baby,
28%
baby
28%
hearts
26%
'Cause
24%
things
22%
free
20%
takes
20%
young
20%
young,
20%
many
19%
alive
17%
burning
17%
may
17%
begin
13%
laying
13%
Whatever
13%
whatever
13%
Wherever
13%
falling
11%
flame
11%
shown
11%
Stumblin'
11%
stumblin'
11%
thoughts
11%
within
11%
catch
9%
Foolishly
9%
table
9%
firelight
7%
following
7%
reckless
7%

Score Distribution

Percentile by Number Answered

Percent of People with Each Score

Your Score History

You have not taken this quiz